Statistics for Words that Rhyme with 'Bash'

Click here to take the quiz!

General Stats

  • This quiz has been taken 69 times
  • The average score is 16 of 20

Answer Stats

Hint Answer % Correct
Remains after a fire?Ash
98%
After the rear-end car accident he suffered from 'whip.........'?Lash
94%
Bald tyres were the cause of the ..........?Crash
94%
"we hit the water with a mighty ........"?Splash
92%
A red itchy .......... appeared on his legs?Rash
92%
"Two dollars and ten cents was all the .......... he had on him"?Cash
90%
"With a razor blade she attempted to ........ her wrist?"Slash
90%
He entered for the 100 metre ..........?Dash
89%
The picnickers left a pile of ............?Trash
89%
My favourite meal is Sausages and .........?Mash
87%
"There was a sudden ........ of lightning?"Flash
87%
A strip or loop of cloth worn over the shoulder or waist?Sash
87%
On the barbed-wire he received a nasty ....... on his arm?Gash
82%
De Niro's new film was a box-office ..........?Smash
79%
Her purple dress and his scarlet shirt tended to .........?Clash
77%
"he was cocky, arrogant and .........."?Brash
77%
A hidden or secret hiding place?Stash
74%
To grind your teeth together is to ........... them?Gnash
61%
A dish of cooked meat and veg cut into small pieces and cooked again?Hash
60%
He threatened to ......... him within an inch of his life?Thrash
44%

Score Distribution

Percentile by Number Answered

Percent of People with Each Score

Your Score History

You have not taken this quiz